000 00474nam a2200157Ia 4500
005 20250508160239.0
008 008 250505s9999 xx 000 0 eng d
037 _aBooks to be hide in OPAC
040 _aFEDL
_beng
_cFEDL
041 _aeng
_2eng
084 _a370.19, TRI/O
_qFEDL
245 2 _aA critical survey of social education programme and procedures in Kaira district
300 _a56p.
942 _cHB
_h370.19, TRI/O
999 _c1363041
_d1363041